Statistics for Science Chain Quiz

Click here to take the quiz!

General Stats

  • This quiz has been taken 166 times
  • The average score is 10 of 21

Answer Stats

HintAnswer% Correct
Scientist who discovered gravityNewton
98%
The Northern LightsAurora Borealis
80%
The centre of an atom (or cell)Nucleus
80%
Type of rock made of layersSedimentary
76%
A cloud of dust and gas; the earliest stage of a starNebula
66%
The nearest star to the EarthSun
66%
Icy object orbiting the sunComet
62%
Process changing hydrogen into heliumFusion
61%
Saturn's largest moonTitan
58%
A planet outside the Solar SystemExoplanet
45%
Quantity with SI unit secondsTime
45%
The electromagnetic waves with lowest frequencyRadio waves
44%
The effect by which a the sound from a passing object changes in pitchDoppler
41%
Chemically, carbon-based materialsOrganic
41%
The speed of sound (often used for aircraft)Mach One
39%
Element with an atomic number of 39Yttrium
38%
Very light fundamental particle produced in beta decayNeutrino
30%
The earliest period of the Mesozoic eraTriassic
22%
SI base unit of luminous intensityCandela
16%
1.6 x 10^-19 JElectronvolt
11%
1/3600 degreesArcsecond
7%

Score Distribution

Percentile by Number Answered

Percent of People with Each Score

Your Score History

You have not taken this quiz